| 000 | 00847nam a2200229Ia 4500 | ||
|---|---|---|---|
| 003 | IN-BaIIA | ||
| 008 | 211028s9999 xx 000 0 eng d | ||
| 020 | _a3-540-60152-X | ||
| 040 | _cIIA Library | ||
| 080 |
_a524.7-657(082.1) _bESO |
||
| 111 |
_aEuropean Southern Observatory Workshop on QSO Absorption Lines _cGarching _d1994 Nov. 21-24 _920162 |
||
| 245 | 0 |
_aQSO absorption lines _bproceedings of the ESO Workshop on QSO absorpt.ion lines, held in Garching, Germany, 21-24 Nov 1994 _cedited by G. Meylan |
|
| 260 |
_aBerlin _bSpringer-Verlag _c1995 |
||
| 300 | _a[various pagings.] | ||
| 650 |
_aAbsorption spectra _93765 |
||
| 650 |
_aGalaxies _91286 |
||
| 650 |
_aQSO spectra _920163 |
||
| 650 |
_aQuasars _91096 |
||
| 650 |
_aRedshift _98391 |
||
| 700 |
_aMeylan, G., ed. _919127 |
||
| 942 | _cBK | ||
| 999 |
_c11663 _d11663 |
||